Wer, was, wann, wo? (Record no. 59996)

MARC details
000 -LÍDER
campo de controle de tamanho fixo 00347 a2200157 4500
001 - NÚMERO DE CONTROLE
campo de controle 59996
020 ## - ISBN - INTERNATIONAL STANDARD BOOK NUMBER
ISBN - International Standard Book Number 9783468498947
040 ## - FONTE DA CATALOGAÇÃO
Instituição que transcreveu o registro Anchieta - Pituba
100 ## - ENTRADA PRINCIPAL--NOME PESSOAL
Nome pessoal Lege, Peter
240 10 - TÍTULO UNIFORME
Título uniforme Wer, was, wann, wo?
Idioma da obra por
245 10 - TÍTULO
Título Wer, was, wann, wo?
300 ## - DESCRIÇÃO FÍSICA
Extensão 80
362 0# - DATAS DE PUBLICAÇÃO E/OU DESIGNAÇÃO SEQUENCIAL
Datas de publicação e/ou designação sequencial 2005
650 #4 - ASSUNTO--TERMO TÓPICO
Cabeçalho tópico ou nome geográfico Literatura juvenil em alemão
942 ## - ELEMENTOS DE ENTRADA ADICIONADOS (KOHA)
Tipo de material Koha Livros
Holdings
Situação do descarte Situação das perdas Situação física Não pode ser emprestado Biblioteca de origem Biblioteca atual Data de aquisição Total de empréstimos Código de barras Data de último acesso Data do preço efetivo Tipo de material Koha Número de chamada completo
        Colégio Anchieta - Pituba Colégio Anchieta - Pituba 21/11/2023   11500/PIT 21/11/2023 21/11/2023 Livros  
        Colégio Anchieta - Pituba Colégio Anchieta - Pituba 21/11/2023   11501/PIT 21/11/2023 21/11/2023 Livros  
        Colégio Anchieta - Pituba Colégio Anchieta - Pituba 21/11/2023   13345/PIT 21/11/2023 21/11/2023 Livros 430 L499w LEG WER
        Colégio Anchieta - Pituba Colégio Anchieta - Pituba 21/11/2023   18894/PIT 21/11/2023 21/11/2023 Livros 430 L499w LEG WER
        Colégio Anchieta - Pituba Colégio Anchieta - Pituba 21/11/2023   18895/PIT 21/11/2023 21/11/2023 Livros 430 L499w LEG WER